000 03292cam a2200805 a 4500
001 21206
003 VRT
005 20260224154814.0
008 221205s1954 xo gr 000 d slo c
015 _aSNBA1954
020 _q(viazané)
035 _aKURUK014170
035 _aurn:nbn:sk:snk-am3i75t
035 _aB3C3FC6A-B3D3-42F3-9ACC-EF2116F815F9
035 _aurn:nbn:sk:snk-am00dqs1
039 9 _a202212050959
_bVLOAD
_c202205110918
_dVLOAD
_c202010291229
_dcsnk20
_c202006120852
_dVLOAD
040 _aSNK
_bslo
_cSNK
_dSNK
_dAUBB
_eAACR2
041 0 _aslo
044 _axo
_cSK
072 7 _a821.162.4
_xSlovenská literatúra
_2konspekt
072 7 _a821.162.4-2
_xSlovenská dráma
_2konspekt
080 _a821.162.4-2
_22011
080 _a(0:82-2)
_22011
080 _a(082.21)
_22011
100 1 _aZáborský, Jonáš,
_d1812-1876
_4aut
245 1 0 _aVýber z diela III
_cJonáš Záborský ; výber sostavil Rudolf Mrlian ; pripravila, bibliografické poznámky a poznámky k textovej úprave napísala Viera Bunčáková ; vysvetlivkami opatril Ján V. Ormis
250 _a1. vydanie
260 _aBratislava
_bSlovenské vydavateľstvo krásnej literatúry
_c1954
300 _a421 strán
_c21 cm
366 _e3000 kusov
490 1 _aOdkazy našej klasiky
_v6. sväzok
490 1 _aJonáš Záborský: Výber z diela v štyroch zväzkoch
500 _aObsahuje 4 divadelné hry
504 _aObsahuje bibliografické poznámky a vysvetlivky ; poznámky k textovej úprave
655 7 _aslovenské drámy
_2SNKPH
655 7 _adivadelné hry
_2SNKPH
655 7 _avýbery
_2SNKPH
655 7 _aSlovak drama
_2SNKPHeng
655 7 _aTheatre plays
_2SNKPHeng
655 7 _aSelections
_2SNKPHeng
700 1 _aMrlian, Rudolf,
_d1916-2010
_4com
700 1 _aBunčáková, Viera,
_d1920-2003
_4edt
700 1 _aOrmis, Ján Vladimír,
_d1903-1993
_4aut
700 1 _aKorčián, Miroslav,
_d1920-
_4bjd
740 0 2 _aPosledné dni Moravy
740 0 2 _aBitka u Rozhanoviec
740 0 2 _aJánošíkova večera
740 0 2 _aNajdúch
800 1 _aZáborský, Jonáš,
_d1812-1876
_tVýber z diela v štyroch zväzkoch
830 0 _aOdkazy našej klasiky
910 _asnk
942 _2ddc
_cKLDO
_n0
949 _617A0071197
_asnkSC 4891/3 D1
_bsnkI. 3993/54
_o591/54 - evidenčné číslo
949 _617A0073703
_asnkSC 4891/3 D3
_bsnkK 2872/65
949 _617A0142316
_asnkSC 4891/3
_bsnkI. 3994/54
_s6100:20190306
949 _6273K0446337
_asvkpoB 2132/III
_bsvkpo46760
949 _6273K0446334
_asvkpoB 2132/IIIa
_bsvkpo52441
949 _6273K0446329
_asvkpoB 2132/IIIb
_bsvkpo84853
949 _6273K0446332
_asvkpoB 2132/IIIc
_bsvkpo84850
949 _63830001009598
_akurukT18/ZABO1-4
949 _62889008298
_asavukB 32330/3
949 _64710702572
_91
_astrmkB
_bstrmk2008/2572
949 _6270001000134303
_asvkbbS 58939
_bsvkbbm 20900
_p20.900
949 _6369701000001223
_aaubbD 1952
_baubbD1952
_pSlovenská dráma
949 _617A0478434
_asnkSC 4891/3 D2
_bsnkD 956/72
949 _63830001094300
_akurukT18/ZABO1-4
_bkuruk2014/F6218
_oD2014/J.M.Rydlo/dolný index 3
949 _6273K0197679
_asvkpoA 163494/III
_bsvkpo403867
949 _62889011927
_asavukM 8377
949 _6270001000159521
_asvkbbS 58938
_bsvkbbm 35666
_p35.666
999 _c21206
_d21206